000 00632 a2200193 4500
010 _aENG-85906
020 _a8125031626
_c75.00
035 _aEN-69439
037 _bD.B.Act / Pub
082 1 4 _a880
090 _c3712
_d3712
100 1 4 _aJha, Madhulika
245 1 _aEchoes
_cby Madhulika Jha
_ba course in english literature and language
260 _aChennai
_bOrient Longman
_c2005
270 _a160, Anna Salai
_bChennai
_e600 002
_mchegeneral@orientlongman.com
300 _a140 p.
_b21 cm ( Hb.)
942 _adpl
_cEN
_k880 / JHA
999 _c3634
_d3634